Measure, topology, and fractal geometry

Αποθηκεύτηκε σε:
Λεπτομέρειες βιβλιογραφικής εγγραφής
Κύριος συγγραφέας: Edgar, Gerald A. 1949-
Μορφή: Βιβλίο
Γλώσσα:English
Δημοσίευση: New York : Springer-Verlag, c2008
Έκδοση:2nd ed.
Σειρά:Undergraduate texts in mathematics
Θέματα:
Ετικέτες: Προσθήκη ετικέτας
Δεν υπάρχουν, Καταχωρήστε ετικέτα πρώτοι!

MARC

LEADER 00000nam a2200000 i 4500
001 1/81560
008 080410s2008 eng d
020 |a 978-0-387-74748-4 
035 |l 10096484 
040 |a GR-MY-UA  |b gre  |e aacr 
041 0 |a eng 
082 0 |a 514.742  |2 (22) 
100 1 |a Edgar, Gerald A.  |d 1949- 
245 1 0 |a Measure, topology, and fractal geometry /  |c Gerald A. Edgar 
250 |a 2nd ed. 
260 |a New York :   |b Springer-Verlag,   |c c2008 
300 |a xv, 268 σ.;  |b εικ. (μερικές έγχρ.);  |c 24 εκ. 
490 1 |a Undergraduate texts in mathematics 
504 |a Περιέχει βιβλιογραφικές παραπομπές (σ. 257-259) και ευρετήριο 
650 0 0 |a Fractals. 
650 0 0 |a Measure theory. 
650 0 0 |a Topology. 
830 0 |a Undergraduate texts in mathematics 
852 |a INST  |b SAMOS  |e 20080410  |h 514.742 EDG  |p 005300026520  |q 005300026520  |t BK  |y 0 
901 |a BIBL3-2008-1 
909 |a Σ  |b 151349 
922 |a 3ΕΛΗ  |b 200803  |c ΕΠΕΑΕΚ2/ΤΜΗΜΑ ΜΑΘΗΜΑΤΙΚΩΝ  |d ΠΑΠΑΣΩΤΗΡΙΟΥ 
970 |a ΡΟΥΣΣΟΥ  |b ΚΩΝΣΤΑΝΤΙΝΑ  |z 2008/04/10